000 01086nam a22002057a 4500
999 _c60353
_d60353
003 Ge_BSU
005 20230703122109.0
008 230703s1997ge xxu||||| |||| 00| 0 geo d
041 _ageo
080 _a902.2(479.222.1) ბ-91
100 _aბრაგვაძე, ზურაბ. (ავტორი).
_912746
245 _aჩხარის სამაროვანი /
_cზურაბ ბრაგვაძე, რედ. გიორგი მახარაძე
264 _aთბილისი :
_b ტრიადა,
_c1997.
300 _a57 გვ.;
_b20 სმ.
_e XXVI ტაბ.
653 _aარქეოლოგიური გათხრები იმერეთში
653 _aსამარხები საქართველოში.
700 _aმახარაძე, გიორგი
_eრედაქტორი
_919140
710 _aსაქართველოს აკად. შ. ამირანაშვილის სახ. ხელოვნების მუზეუმი.
_919141
942 _2udc
_cBK